000 00678nam a2200133Ia 4500
008 220615s9999||||xx |||||||||||||| ||und||
020 _a9782890000000
245 0 _aSmall-Scale and Artisanal Fisheries: Insights and Approaches for Improved Governance and Management in a Globalized Context
546 _aEnglish[eng]
650 _aartisanal||small-scale fisheries||trade||governance||market||multi-species||gender||management
700 _aPurcell, Steven W.||Irene Crona, Beatrice||Pomeroy, Robert
856 _uhttps://www.frontiersin.org/research-topics/7673/small-scale-and-artisanal-fisheries-insights-and-approaches-for-improved-governance-and-management-i
942 _cEB
999 _c15676
_d15676